000 00663pam a2200229 a 4500
001 1997653
005 20180130043644.0
008 901221s1991 nyua 001 0 eng
010 _a 90028809
020 _a0895773597
040 _aDLC
_cDLC
_dDLC
041 _aeng
080 _a001.9 DUP
082 0 0 _a001.9 DUP
_220
100 _a42
101 _aAST
245 0 0 _aUnsolved mysteries of the past.
906 _a7
_bcbc
_corignew
_d1
_eocip
_f19
_gy-gencatlg
942 _2ddc
_cBK
999 _c41253
_d41253